Nenne die zehn höchsten Vulkane der Welt - Statistiken

Allgemein
  • Dieses Quiz wurde 169 mal gespielt
  • Das Durchschnittsergebnis liegt bei 3 aus 10
Antwortstatistiken
Höhe Land Vulkan % Korrekt
3.330 m Sizilien in Italien Ätna
87%
3.776 m Japan Fuji
73%
4.139 m Hawaii in den USA Mauna Loa
40%
5.462 m Mexiko Popocatépetl
40%
5.911 m Ecuador Cotopaxi
27%
6.893 m Argentinien und Chile Nevado Ojos del Salado
10%
3.794 m Antarktis Mount Erebus
6%
6.071 m Chile Guallatiri
4%
4.835 m Russland Kljutschewskaja Sopka
1%
3.470 m Kongo Nyiragongo
1%
Keine übereinstimmenden Quizze gefunden
Verteilung der Resultate
Anzahl Personen mit jedem Resultat
Perzentil nach korrekt beantworteten Fragen
Ihre Resultats-Entwicklung
Sie haben dieses Quiz noch nicht gespielt